Ekonomická sloboda je kľúčová pre rozvoj krajiny

Výsledky najnovšieho rebríčka ekonomickej slobody za rok 2001. Ekonomická sloboda vo svete sa zlepšuje, ako vyplýva z Výročnej správy o ekonomickej slobode. V roku 2001 dosiahla priemerná úroveň ekonomickej slobody vo svete 6,35 na desaťbodovej stupnici.

Saved in:
Bibliographic Details
Main Author: Oravec, Ján
Format: Book Chapter
Language:Slovak
Subjects:
Tags: Add Tag
No Tags, Be the first to tag this record!

MARC

LEADER 00000naa a2200000 4500
001 r049488
005 20230925124450.2
041 0 |a slo 
044 |a SK 
245 1 0 |a Ekonomická sloboda je kľúčová pre rozvoj krajiny  |c Ján Oravec 
520 |a Výsledky najnovšieho rebríčka ekonomickej slobody za rok 2001. Ekonomická sloboda vo svete sa zlepšuje, ako vyplýva z Výročnej správy o ekonomickej slobode. V roku 2001 dosiahla priemerná úroveň ekonomickej slobody vo svete 6,35 na desaťbodovej stupnici. 
610 2 0 |a sloboda ekonomická 
610 2 0 |a rozvoj hospodársky 
610 2 0 |a svet 
610 2 0 |a 2001 
100 1 |a Oravec, Ján